The Effects of Mycotoxins on Human and Animal Health—a Special Focus on the Cellular and Molecular Mechanisms Responsible for Mycotoxin Toxicity (Record no. 14234)
[ view plain ]
| 000 -LEADER | |
|---|---|
| fixed length control field | 01087nam a2200133Ia 4500 |
| 008 - FIXED-LENGTH DATA ELEMENTS--GENERAL INFORMATION | |
| fixed length control field | 220615s9999||||xx |||||||||||||| ||und|| |
| 020 ## - INTERNATIONAL STANDARD BOOK NUMBER | |
| International Standard Book Number | 9783040000000 |
| 245 #4 - TITLE STATEMENT | |
| Title | The Effects of Mycotoxins on Human and Animal Health—a Special Focus on the Cellular and Molecular Mechanisms Responsible for Mycotoxin Toxicity |
| 546 ## - LANGUAGE NOTE | |
| Language note | English[eng] |
| 650 ## - SUBJECT ADDED ENTRY--TOPICAL TERM | |
| Topical term or geographic name entry element | aflatoxin B1||grape seed meal||mesenteric lymph nodes||piglets||antioxidant effect||feed additives||mycotoxins||CYPs gene expression||vimentin||CD10||MNF 116||renal cell cancer||urothelial cancer||testicular cancer||immunohistochemistry||ochratoxin A||cell culture||energy metabolism||apoptosis-necrosis balance||mitochondria||patulin||cadmium||synergistic toxicity||oxidative stress||JNK1||p53||zearalenone||metabolites||innate immunity||cell immunity||humoral immunity||deoxynivalenol||PCV2||IL-1β||IL-6||MAPK||mycotoxin||NLRP3 inflammasome||macrophages||CYPs protein expression||CYPs enzyme activity |
| 700 ## - ADDED ENTRY--PERSONAL NAME | |
| Personal name | Marin, Daniela Eliza||Taranu, Ionelia |
| 856 ## - ELECTRONIC LOCATION AND ACCESS | |
| Uniform Resource Identifier | <a href="https://mdpi.com/books/pdfview/book/4932">https://mdpi.com/books/pdfview/book/4932</a> |
| 942 ## - ADDED ENTRY ELEMENTS (KOHA) | |
| Koha item type | E-Books |
| Withdrawn status | Lost status | Damaged status | Not for loan | Home library | Current library | Date acquired | Total Checkouts | Date last seen | Price effective from | Koha item type |
|---|---|---|---|---|---|---|---|---|---|---|
| Kerala University of Digital Sciences, Innovation and Technology Knowledge Centre | Kerala University of Digital Sciences, Innovation and Technology Knowledge Centre | 15/06/2022 | 15/06/2022 | 15/06/2022 | E-Books |